| 000 | 00853nam a2200265 i 4500 | ||
|---|---|---|---|
| 003 | DO-SdBNP | ||
| 005 | 20260413092839.0 | ||
| 007 | ta | ||
| 008 | 240820b2024 dr ac||| |||| 00| 0 spa d | ||
| 040 |
_aDO-SdBNP _bspa _cBNPHU _erda |
||
| 041 | _aspa | ||
| 082 | 4 |
_axxx _bxxx _222 |
|
| 245 | 0 | 0 |
_aReflexiones del comandante Fidel Castro Ruz / _ccompilador, Livio Mariano Cedeño |
| 250 | _aSegunda edición | ||
| 264 | 1 |
_aSanto Domingo : _bCentro Copiado la Escalera, _c2024. |
|
| 300 |
_avolumenes : _bilustraciones, retratos ; _c29 cm. |
||
| 336 |
_atexto _btxt _2rdacontent |
||
| 337 |
_asin mediación _bn _2rdamedia |
||
| 338 |
_avolumen _bnc _2rdacarrier |
||
| 500 | _aLa biblioteca posee el volumen 6 | ||
| 590 | _aInventariado, 2024/BT | ||
| 700 | 1 |
_aCedeño, Livio Mariano, _ecompilador _4comp. _981112 |
|
| 910 | _aBtavárez | ||
| 942 |
_2ddc _cLBS1 |
||
| 999 |
_c57485 _d57485 |
||